00646nam a22002177a 450000500170000001000130001702000110003003500130004103700160005404000120007008200160008210000230009824500710012125000110019226000360020327000980023930000200033750000200035765000080037765000430038520170124110006.0 aA-644641 c250.00 aA-644641 bCen Lib/Ret aDPLbEN a343.05bRAG aRaghavacahri, V.T. aAppellate remedies under excise and customs /cby V.T. Raghavachri a2nd ed aNew DelhibCentax Publications  a1512-B, Bhishm Pitamah Marg, Opp. Sachdeva P.T. Collage of Defence Colony bNew Delhie110003 a572p.c24cm(Hb) aIncludes index. aLaw aMilitary, tax trade and industrial law